000 00615nam a2200169 i 4500
001 66181
003 ES-MaACL
005 20230906165547.0
007 t|
008 040128s1972 sp ||||1| spa d
100 1 _aGainza, Francisco.
_953261
245 1 0 _aCruzada española en Vietnam
_b: Campaña de Conchinchina /
_cFrancisco Gainza ; introducción y edición de Fidel Villarroel.
260 _aMadrid :
_bInstituto Enrique Flórez. Departamento de Misionología Española,
_c1972.
300 _aXXIV, 559 p., 10 lám. ;
_c25 cm.
700 1 _aVillarroel, Fidel.
_9115139
852 _aES-MaACL
_jC-42711
_bR.82570
999 _c66181
_d66181